Les sportifs les plus riches au monde - Statistiques

Statistiques générales
  • Ce quiz a été pris 588 fois
  • Le résultat moyen est 3 sur 10
Statistiques - réponses
TOP Fortune Sportifs % Correct
7 1 Milliards € Cristiano Ronaldo
99%
9 600 Millions € Lionel Messi
96%
5 1,1 Milliards € LeBron James
57%
1 2.9 Milliards € Michael Jordan
32%
4 1.2 Milliards € Tiger Woods
28%
10 485 Millions € Roger Federer
12%
6 1.1 Milliards € Magic Johnson
3%
8 880 Millions € Anna Kasprzak
0%
3 1.9 Milliards € Iron Tiriac
0%
2 2.5 Milliards € Vince McMahon
0%
Aucun quiz correspondant
Distribution des résultats
% des personnes avec chaque résultat
Percentile par nombre de réponses
Votre historique - résultats
Vous n’avez pas pris ce quiz